Bridge procedures guide (Record no. 4081)

000 -LEADER
fixed length control field 00495nam a2200181Ia 4500
008 - FIXED-LENGTH DATA ELEMENTS--GENERAL INFORMATION
fixed length control field 200103s 2007 ||||xx |||||||||||||| ||und||
082 ## - DEWEY DECIMAL CLASSIFICATION NUMBER
Classification number 623.88
Item number ICS
100 ## - MAIN ENTRY--PERSONAL NAME
Personal name Ineternational Chamber of Shipping
245 #0 - TITLE STATEMENT
Title Bridge procedures guide
250 ## - EDITION STATEMENT
Edition statement 4th
260 ## - PUBLICATION, DISTRIBUTION, ETC. (IMPRINT)
Name of publisher, distributor, etc Ineternational Chamber of Shipping
Date of publication, distribution, etc 2007
Place of publication, distribution, etc London
300 ## - PHYSICAL DESCRIPTION
Extent 114p.
650 ## - SUBJECT ADDED ENTRY--TOPICAL TERM
Topical term or geographic name as entry element Passage Planning
650 ## - SUBJECT ADDED ENTRY--TOPICAL TERM
Topical term or geographic name as entry element Watchkeeping
650 ## - SUBJECT ADDED ENTRY--TOPICAL TERM
Topical term or geographic name as entry element Radiocommunication
650 ## - SUBJECT ADDED ENTRY--TOPICAL TERM
Topical term or geographic name as entry element Dynamic positioning
942 ## - ADDED ENTRY ELEMENTS (KOHA)
Item type Books
Holdings
Withdrawn status Lost status Source of classification or shelving scheme Damaged status Not for loan Collection code Permanent location Current location Shelving location Date acquired Total Checkouts Total Renewals Full call number Barcode Date last seen Date last borrowed Koha item type Public note
          Non-fiction IMU-MPC Library IMU-MPC Library General Stacks 2020-01-08 1 2 623.88 ICS LBSD2092 2025-03-17 2020-12-03 Books Column - 8
          Non-fiction IMU-MPC Library IMU-MPC Library General Stacks 2020-01-08     623.88 ICS LBS13023 2025-03-17   Books Column - 8
          Non-fiction IMU-MPC Library IMU-MPC Library General Stacks 2020-01-08 1   623.88 ICS LBS13515 2025-03-17 2022-07-01 Books Column - 8
Copyright © 2021 Indian Maritime University, Mumbai Port Campus. All Rights Reserved. Managed & Maintained by Central Library, IMU-Mumbai

webs counters

Powered by Koha